000 00297nam a2200133Ia 4500
005 20251222155122.0
008 251222s9999||||xx |||||||||||||| ||spa||
082 _aSIQ.28
100 _aSEVA D. Antonio.
245 0 _aHigiene Mental I
250 _a1ra. ed.
264 _bZaragoza
942 _cLIB
999 _c38459
_d38459